Tercer avance del informe oficial sobre los asesinatos, violaciones, incendios y demás deredaciones y violencias cometidos en algunos pueblos del centro y mediodía de España por las hordas marxistas : (Record n. 7721)

Dettagli MARC
000 -LEADER
fixed length control field 00750nam a22001811 4500
005 - DATE AND TIME OF LATEST TRANSACTION
control field 20180426114657.0
008 - FIXED-LENGTH DATA ELEMENTS--GENERAL INFORMATION
fixed length control field 990501s1936 sp spa
040 ## - CATALOGING SOURCE
Original cataloging agency SpMaBN
Language of cataloging spa
Transcribing agency CDM
245 10 - TITLE STATEMENT
Title Tercer avance del informe oficial sobre los asesinatos, violaciones, incendios y demás deredaciones y violencias cometidos en algunos pueblos del centro y mediodía de España por las hordas marxistas :
Remainder of title otoño 1936.
260 ## - PUBLICATION, DISTRIBUTION, ETC. (IMPRINT)
Place of publication, distribution, etc [Burgos?] :
Name of publisher, distributor, etc Estado Español,
Date of publication, distribution, etc 1936.
300 ## - PHYSICAL DESCRIPTION
Extent 96 p. :
Other physical details il. ;
Dimensions 25 cm.
336 ## - CONTENT TYPE
Source rdacontent
Content type term text
337 ## - MEDIA TYPE
Source rdamedia
Media type term unmediated
338 ## - CARRIER TYPE
Source rdacarrier
Carrier type term volume
651 #4 - SUBJECT ADDED ENTRY--GEOGRAPHIC NAME
Geographic name España
General subdivision Historia
Chronological subdivision 1936-1939 (Guerra civil)
General subdivision Atrocidades
9 (RLIN) 15964
710 1# - ADDED ENTRY--CORPORATE NAME
9 (RLIN) 16090
Corporate name or jurisdiction name as entry element España.
Subordinate unit Gobierno Nacional
942 ## - ADDED ENTRY ELEMENTS (KOHA)
Item type Monografías
Dati di copia
Withdrawn status Lost status Damaged status Not for loan Home library Current library Date acquired Total Checkouts Full call number Barcode Date last seen Price effective from Koha item type
        Iglesia Nacional Española en Roma Iglesia Nacional Española en Roma 15/01/2015   HIS.ESP.4. 41 10302 15/01/2015 15/01/2015 Monografías